000 00374cam a22001217a 4500
008 180718b1978 xxu||||| |||| 00| 0 eng d
082 _aA81x54 In2/71/17/Pt 1 A
100 _aCensus of India 1971
245 _aPunjab: general report
260 _aDelhi
_bThe Controller of Publications
_c1978
300 _a556+p.
440 _aCensus of India 1971. Series-17, Punjab. Part I-A
999 _c485403
_d485403